[Event "Kuala Lumpur UM KPT op"]
[Site "Kuala Lumpur"]
[Date "2016.12.18"]
[Round "8"]
[White "Mazlan, Nur Hidayah"]
[Black "Aswadi, Anis Nadia"]
[Result "1-0"]
[WhiteElo "1416"]
[BlackElo "1389"]
[PlyCount "117"]
[EventDate "2016.12.16"]
[EventType "swiss"]
[EventRounds "9"]
[EventCountry "MAS"]
[SourceTitle "CBM 176 Extra"]
[Source "ChessBase"]
[SourceDate "2017.03.02"]
[SourceVersion "1"]
[SourceVersionDate "2017.03.02"]
[SourceQuality "1"]

1. b4 d5 2. Bb2 Nc6 3. a3 e5 4. Nf3 Bd6 5. e3 Nf6 6. Be2 Be6 7. b5 Ne7 8. Nxe5 Bxe5 9. Bxe5 Nf5 10. Bb2 Qd6 11. d3 0-0-0 12. Nd2 Rhe8 13. a4 Qb6 14. d4 Qa5 15. 0-0 Qb6 16. Ba3 Qa5 17. Nb3 Qc3 18. a5 Ne4 19. Bc5 b6 20. axb6 cxb6 21. Ba3 Qc7 22. Bb2 Qe7 23. Qc1 Rd7 24. c4 Rc7 25. c5 bxc5 26. b6 axb6 27. Ra8+ Kb7 28. Rxe8 Qxe8 29. dxc5 bxc5 30. Qa1 Kc8 31. Qa8+ Kd7 32. Bb5+ Kd6 33. Qxe8 Rc8 34. Qxc8 Bxc8 35. Ra1 c4 36. Nd4 Kc5 37. Ba6 Bxa6 38. Rxa6 c3 39. Ba3+ Kc4 40. Rc6+ Kd3 41. Nxf5 Kc2 42. Bb4 Kb3 43. Bxc3 Nxc3 44. Nxg7 Ne2+ 45. Kf1 Nc3 46. Ke1 Kc2 47. Nf5 h5 48. Rc7 f6 49. Rh7 h4 50. Nxh4 f5 51. Nxf5 d4 52. exd4 Kd3 53. g4 Ne4 54. h4 Nf6 55. Rg7 Ke4 56. g5 Ng4 57. f3+ Kxf5 58. fxg4+ Kxg4 59. Re7 1-0

[Event "Kuala Lumpur UM KPT op"]
[Site "Kuala Lumpur"]
[Date "2016.12.17"]
[Round "5"]
[White "Yap, Ehin Dallas"]
[Black "Mazlan, Nur Hidayah"]
[Result "1-0"]
[WhiteElo "1340"]
[BlackElo "1416"]
[PlyCount "47"]
[EventDate "2016.12.16"]
[EventType "swiss"]
[EventRounds "9"]
[EventCountry "MAS"]
[SourceTitle "CBM 176 Extra"]
[Source "ChessBase"]
[SourceDate "2017.03.02"]
[SourceVersion "1"]
[SourceVersionDate "2017.03.02"]
[SourceQuality "1"]

1. e4 c5 2. Bc4 e6 3. Nc3 Nc6 4. d3 Nge7 5. Be3 d5 6. exd5 Nxd5 7. Nge2 a6 8. Bxd5 exd5 9. d4 c4 10. 0-0 Be6 11. Nf4 Be7 12. Nxe6 fxe6 13. Qh5+ Kd7 14. Qg4 Qf8 15. Nxd5 Bd8 16. Rfe1 h5 17. Qh3 Qf5 18. Qxf5 exf5 19. Bf4 Nxd4 20. Rad1 Nxc2 21. Nb6+ Kc6 22. Re6+ Kb5 23. Rd5+ Kb4 24. Bd6# 1-0

[Event "Kuala Lumpur UM KPT op"]
[Site "Kuala Lumpur"]
[Date "2016.12.16"]
[Round "2"]
[White "Mazlan, Nur Hidayah"]
[Black "Chia, Zheng De"]
[Result "1-0"]
[WhiteElo "1416"]
[BlackElo "1182"]
[PlyCount "91"]
[EventDate "2016.12.16"]
[EventType "swiss"]
[EventRounds "9"]
[EventCountry "MAS"]
[SourceTitle "CBM 176 Extra"]
[Source "ChessBase"]
[SourceDate "2017.03.02"]
[SourceVersion "1"]
[SourceVersionDate "2017.03.02"]
[SourceQuality "1"]

1. b4 d5 2. Bb2 Nf6 3. Nf3 Bf5 4. e3 e6 5. a3 Be7 6. c4 c6 7. Be2 0-0 8. d4 Nbd7 9. Nbd2 b6 10. 0-0 c5 11. b5 Ne4 12. Qb3 Ndf6 13. a4 a5 14. Ra2 Qc7 15. Ba1 Rfd8 16. Ne5 Bd6 17. Ndf3 Ng4 18. cxd5 exd5 19. Nxg4 Bxg4 20. Ne5 Be6 21. f3 Nf6 22. f4 Bf5 23. g4 Be4 24. g5 Nd7 25. Bf3 c4 26. Qd1 Bxf3 27. Qxf3 Nxe5 28. fxe5 Bb4 29. Raf2 Ra7 30. h4 g6 31. h5 f5 32. gxf6 Qf7 33. hxg6 hxg6 34. Qh3 Qh7 35. Qg4 Rdd7 36. e6 Rdc7 37. Rg2 Kh8 38. Rh2 Qxh2+ 39. Kxh2 Rh7+ 40. Kg1 Rh6 41. e7 Bxe7 42. fxe7 Rxe7 43. Qc8+ Kg7 44. Qf8+ Kh7 45. Qxe7+ Kg8 46. Qf8+ 1-0